00871nam a22002777a 450000500170000000800410001701000150005802000260007302000230009903500130012203700130013504000130014808200120016110000030017324501050017626000450028127000640032630000290039050000500041952000260046960000030049565000030049865100360050170000250053770000310056220111109121942.0111109t xxu||||| |||| 00| 0 eng d aENG-104074 a9780198075929c495.00 a0198075928c495.00 aEN-87607 bDBAD/PUB aDPLbEng a320.954  aThe Oxford companion to politics in India / cedited by Niraja Gopal Jayal [and] Pratap Bhanu Mehta aNew DelhibOxford University Pressc2011 aYMCA Library Building, 1, Jai Singh RoadbNew Delhie110001 axxxii,618p. c25cm (pbk) aIncludes bibliographical references and index aContributed articles.   aIndiaxPolitics and government. aJayal, Niraja Gopal. aMehta, Pratap Bhanud1967-